Dzielnice Redy - Statystyki

Ogólne statystyki
  • Ten quiz został rozwiązany 44 razy
  • Średni wynik to 5 z 7
Statystyki odpowiedzi
Dzielnica % Poprawnych
Rekowo
94%
Betlejem
85%
Ciechocino
82%
Pieleszewo
82%
Marianowo
67%
Moście Błota
64%
Osiedle Przy Młynie
55%
Nie znaleziono quizów pasujących do podanych kryteriów
Rozkład punktacji
Procent ludzi z każdym wynikiem
Percentyl według liczby udzielonych odpowiedzi
Twoja historia wyników
Nie rozwiązałeś tego quizu